1966 1833 1902 1280 1272 1422 1117 1350 1865 1649 1902 1905 1803 1400 1747 1615 1558 1739 1140 1421 1363 1422 1918 1773 1580 1241 1410 1484 1947 1962 1811 1406 1023 1829 1164 1576 1094 1007 1771 1794 1201 1833 1181 1825 1201 1822 1362 1381 1373 1550 1461 1064 1124 1567 1853 1245 1397 1666 1394 1706 1276 1607 1755 1025 1199 1665 1702 1215 1802 1720 1143 1708 1041 1118 1864 1030 1351 1780 1625 1232 1381 1484 1627 1908 1482 1082 1592 1166 1164 1068 1108 1169 1736 1565 1754 1184 1695 1217 1367 BCNSPRNW ULIB Ver.6.0+V

เปลี่ยนเป็นภาษาไทย

Change to English
 แสดงรายละเอียดบรรณานุกรม
  กลับหน้าหลัก

Brief Record : Get Marc (ISO 2709) : E-mail record : QR code < ปิดหน้าต่าง
LEADER : 00000nam 2200000uu 4500
001    13399124046
003     ULIB
008    150105s2555||||th 000 0 tha d
020    ^a9786169129011
060  4 ^aWD220^bF148
110 1  ^aสมาคมโรคไตแห่งประเทศไทย
245 00 ^aFluid, electrolytes and acid-base disorders /^cบรรณาธิการ พงศธร คชเสนี ... [และคนอื่นๆ]
260    ^aกรุงเทพฯ :^bเท็กซ์ แอนด์ เจอร์นัล พับลิเคชั่น,^c2555
300    ^a404 หน้า :^bภาพประกอบ ;^c26 ซม.
650  7 ^aสารน้ำในร่างกายผิดปกติ
650  7 ^aสารน้ำในร่างกาย
650  7 ^aอีเล็คโตรลัยท์
650  7 ^aน้ำ-อีเล็คโตรลัยท์ไม่สมดุล
700 0  ^aพงศธร คะเสนี,^eบรรณาธิการ
945    ^p500^l0^i037928
945    ^p500^l0^i037929
945    ^p500^l0^i037930
999    ^aเกษร โพธิ์สุวรรณ
รายการนี้ยังไม่มีแท็ก
คุณยังไม่ได้ล็อกอิน คุณสามารถมีกิจกรรมร่วมกับเว็บไซต์ได้ แต่ต้องล็อกอินก่อน ::
  ล็อกอิน

รายการสื่อสารสนเทศ

ลำดับที่ ประเภท เลขเรียก/บาร์โค้ด สถานที่ สถานะ
1. วิทยาศาสตร์การแพทย์ และสุขภาพ
หนังสือสำรอง
สถานะ=หนังสือสำรอง
WD220 F148 ฉ.1 
  Barcode: 037928
ห้องสมุดวิทยาเขตสวรรค์ประชารักษ์
►ส่วนจัดเก็บหนังสือเก่า สปร
บนชั้น
  ขอยืม
2. วิทยาศาสตร์การแพทย์ และสุขภาพ
วิทยาศาสตร์การแพทย์ และสุขภาพ
WD220 F148 ฉ.2 
  Barcode: 037929
ห้องสมุดวิทยาเขตสวรรค์ประชารักษ์
►ส่วนจัดเก็บหนังสือเก่า สปร
บนชั้น
  ขอยืม
3. วิทยาศาสตร์การแพทย์ และสุขภาพ
วิทยาศาสตร์การแพทย์ และสุขภาพ
WD220 F148 ฉ.3 
  Barcode: 037930
ห้องสมุดวิทยาเขตสวรรค์ประชารักษ์
►ส่วนจัดเก็บหนังสือเก่า สปร
บนชั้น
  ขอยืม

รายการใกล้เคียง
    หัวเรื่อง [สารน้ำในร่างกายผิดปกติ]
    หัวเรื่อง [สารน้ำในร่างกาย]
    หัวเรื่อง [อีเล็คโตรลัยท์]
    หัวเรื่อง [น้ำ-อีเล็คโตรลัยท์ไม่สมดุล]

BibComment


ยังไม่เคยถูกคอมเมนท์

คอมเมนท์ทรัพยากรรายการนี้
  คอมเมนท์: Fluid electrolyt..


 Copyright 2026. Bcnsprnw @Library